000 00666nam a22002177a 4500
003 UA-OsUOA
001 126284
007 ta
008 20171017b un ||||| |||| 00| 0 ukr d
100 _aКабаненко І.
090 _a32
_bК12
942 _cSA
040 _aUA-OsUOA
_bukr
_cUA-OsUOA
_dUA-OsUOA
245 _aРосія: що далі? Якщо Кремль дійсно прагне стати світовим гравцем, йому потрібно змінити парадигму власної стратегії
300 _aС.5
955 _a0
041 _aukr
080 _a32
773 0 _w126283
650 7 _a32 Політика
_2UDC
999 _c413559
_d413559